| 000 | 00423 a2200157 4500 | ||
|---|---|---|---|
| 999 |
_c2223 _d2223 |
||
| 020 | _a071006148X | ||
| 050 | 0 | 0 | _aHV751 PUG 1968 |
| 100 | 1 | _aPugh, Elisabeth. | |
| 245 | 1 | 0 |
_aSocial work in child care. _cElisabeth Pugh |
| 264 |
_aLondon _bRoutledge and Kegan Paul _c1968 |
||
| 300 | _aix, 118 p. | ||
| 500 | _aSocial work | ||
| 504 | _aBibliography: p. 112-118. | ||
| 650 | 0 | _aChild welfare | |
| 942 |
_2lcc _cBK _h751 _iPUG _kHV |
||